| 000 | 00639nam a2200217Ia 4500 | ||
|---|---|---|---|
| 003 | GCL | ||
| 008 | 140319s9999 xx 000 0 ara d | ||
| 040 |
_aGCL / _cGCL |
||
| 082 | 0 | 4 |
_a939.5 _bك ق |
| 100 | 1 | _aكويستلر, أرثر | |
| 245 | 1 | 0 |
_aالقبيلة الثالثة عشرة / _cكويستلر, أرثر |
| 700 | 1 | _aابراهيم زكى خورشيد | |
| 260 |
_a[S.N] : _bدار المعارف ، _c1979 |
||
| 300 | _a122 ص | ||
| 490 |
_aكتب اكتوبر _v0 |
||
| 650 | 0 | 4 | _aفلسطين |
| 650 | 0 | 4 | _aاسرائيل |
| 650 | 0 | 4 | _aيهود الخزر |
| 650 | 0 | 4 | _aاليهود - تاريخ |
| 942 |
_2ddc _cBK |
||
| 999 |
_c29232 _d29232 |
||